| 000 | 00000nam##2200000za#4500 |
| 001 | 9.695423 |
| 003 | CaOODSP |
| 005 | 20210624234553 |
| 007 | cr ||||||||||| |
| 008 | 150407|1999||||xxc|||||o f|0| 0 eng|d |
| 040 | |aCaOODSP|beng |
| 043 | |an-cn--- |
| 086 | 1 |aH49-139/1999E-PDF |
| 110 | 1 |aCanada. |bHealth Canada. |
| 245 | 10|aNutrition labelling : |h[electronic resource]|bperceptions and preferences of Canadians / |c[by the] National Institute of Nutrition. |
| 260 | |aOttawa - Ontario : |bHealth Canada |cJune 1999. |
| 300 | |a50p.|bgraphs, tables |
| 500 | |a"The research reported herein focuses on the nutrition information panel, which provides a standardized presentation of the nutrient content of a food, encompassing considerations related to both format and content (energy and nutrient declarations)."--Introduction and background, p.5 of 50. |
| 520 | 3 |aThe research reported herein focuses on the nutrition information panel, which provides a standardized presentation of the nutrient content of a food, encompassing considerations related to both format and content (energy and nutrient declarations).--Introduction and background, p.5 of 50. |
| 590 | |a12-15-Supp|b2012-04-13 |
| 690 | 07|aFood labelling|2gcpds |
| 690 | 07|aNutrition|2gcpds |
| 690 | 07|aConsumers|2gcpds |
| 710 | 2 |aNational Institute of Nutrition. |
| 775 | 08|tÉtiquetage nutritionnel : |w(CaOODSP)9.639559 |
| 776 | 0#|tNutrition labelling : |w(CaOODSP)9.647765 |
| 856 | 40|ahttp://publications.gc.ca|qPDF|s405 KB|uhttps://publications.gc.ca/collections/Collection/H49-139-1999E.pdf |